[Event "Monte Grande FASGBA-ch"]
[Site "Monte Grande"]
[Date "2018.03.11"]
[Round "6.9"]
[White "Salinas, Dario"]
[Black "Poci, Pedro"]
[Result "0-1"]
[WhiteElo "1814"]
[BlackElo "1763"]
[PlyCount "140"]
[EventDate "2018.03.03"]
[EventType "swiss"]
[EventRounds "6"]
[EventCountry "ARG"]
[SourceTitle "EXT 2024"]
[Source "ChessBase"]
[SourceDate "2023.10.10"]
[SourceVersion "1"]
[SourceVersionDate "2023.10.10"]
[SourceQuality "1"]

1. e4 d5 2. exd5 Qxd5 3. Nc3 Qd8 4. d4 c6 5. Nf3 Bg4 6. h3 Bh5 7. g4 Bg6 8. Ne5 Nd7 9. Nxg6 hxg6 10. Bf4 Nb6 11. Bg2 e6 12. 0-0 Nf6 13. Re1 Nfd5 14. Nxd5 Nxd5 15. Bg3 Bd6 16. Be5 Bxe5 17. dxe5 Nf4 18. Qf3 Nxg2 19. Kxg2 Qd5 20. Qxd5 cxd5 21. Re3 Rc8 22. Rb3 b6 23. Ra3 a5 24. Rb3 Rc6 25. c3 Kd7 26. Rd1 Kc7 27. Rd4 Rc4 28. a4 Kc6 29. Ra3 Kc5 30. Rb3 Rb8 31. Rb5+ Kc6 32. Kf1 Rxa4 33. Rxb6+ Rxb6 34. Rxa4 Rxb2 35. Rxa5 Rb1+ 36. Kg2 Rb5 37. Ra7 Rb7 38. Ra8 Rc7 39. Rb8 Kc5 40. Rb4 Rd7 41. Rf4 g5 42. Ra4 d4 43. cxd4+ Rxd4 44. Ra5+ Kb6 45. Ra8 Kc6 46. Kg3 Kd5 47. Ra5+ Ke4 48. f3+ Ke3 49. Ra3+ Ke2 50. h4 gxh4+ 51. Kxh4 Rd3 52. Rxd3 Kxd3 53. Kg3 g5 54. f4 Ke4 55. fxg5 Kxe5 56. Kf3 Kd4 57. Kf4 e5+ 58. Kf5 e4 59. Kf6 e3 60. Kxf7 e2 61. g6 e1Q 62. g7 Qf2+ 63. Kg6 Qc2+ 64. Kf7 Qc7+ 65. Kg6 Qd6+ 66. Kh7 Qe7 67. Kg6 Qe8+ 68. Kh7 Qf7 69. Kh8 Qf6 70. Kh7 Qh4+ 0-1

[Event "Monte Grande FASGBA-ch"]
[Site "Monte Grande"]
[Date "2018.03.03"]
[Round "1.4"]
[White "Poci, Pedro"]
[Black "Garzon, Enrique"]
[Result "1/2-1/2"]
[WhiteElo "1763"]
[BlackElo "2082"]
[PlyCount "75"]
[EventDate "2018.03.03"]
[EventType "swiss"]
[EventRounds "6"]
[EventCountry "ARG"]
[SourceTitle "EXT 2024"]
[Source "ChessBase"]
[SourceDate "2023.10.10"]
[SourceVersion "1"]
[SourceVersionDate "2023.10.10"]
[SourceQuality "1"]

1. e4 d6 2. d4 Nf6 3. Nc3 g6 4. Nf3 Bg7 5. e5 dxe5 6. Nxe5 0-0 7. Be2 c6 8. 0-0 Qb6 9. Nc4 Qc7 10. g3 Bh3 11. Bf4 Qc8 12. Re1 Nd5 13. Nxd5 cxd5 14. Ne5 Nc6 15. Nxc6 Qxc6 16. c3 Qb6 17. Qb3 Qxb3 18. axb3 Bd7 19. Ra5 e6 20. Rea1 a6 21. Bd6 Rfe8 22. f4 Bf6 23. Kf2 Rac8 24. Rc5 Bc6 25. Rca5 Bd8 26. R5a2 Bd7 27. Ba3 f6 28. Bf3 Bb6 29. Kg2 Kf7 30. Bb4 h6 31. Ba5 Ba7 32. Bb4 Bc6 33. Re1 g5 34. Bh5+ Kg7 35. Bxe8 Rxe8 36. fxg5 hxg5 37. Raa1 Kg6 38. h3 1/2-1/2